Online Catalogue and eLibrary

Mun Mugangal (Record no. 4691)

MARC details
000 -LEADER
fixed length control field 00465nam a2200157Ia 4500
005 - DATE AND TIME OF LATEST TRANSACTION
control field 20250306030514.0
008 - FIXED-LENGTH DATA ELEMENTS--GENERAL INFORMATION
fixed length control field 240331s9999 xx 000 0 und d
020 ## - INTERNATIONAL STANDARD BOOK NUMBER
ISBN 9789558250402
082 ## - DDC Classification
Item Number - Author Mark DOM
DDC Edition Number 6404
Class No. 920
100 ## - MAIN ENTRY--PERSONAL NAME
Personal name Jeewa, D
245 #0 - TITLE STATEMENT
Title Mun Mugangal
260 ## - PUBLICATION, DISTRIBUTION, ETC.
Place of publication, distribution, etc. Colombo 13
Name of publisher, distributor, etc. Mallikai Panthal
Date of publication, distribution, etc. 2007
300 ## - PHYSICAL DESCRIPTION
Extent (e.g. Volumes, Pages etc.) vi, 220 p.,
500 ## - GENERAL NOTE
General note A research done on various Sri Lankan Tamil literary scholars, about their achievements in the field.
942 ## - Koha item type (Biblio)
Koha item type Books in Stacks (Lending)
Holdings
Lost status Damaged status Collection code Home library Current library Shelving location Date acquired Full call number Accession Number Item type
    Lending WERC Library WERC Library Social Science Cupboard 03/31/2024 920 DOM 6404 Books in Stacks (Lending)

© WERC Library